000 00527nam a2200145 i 4500
001 100217
003 ES-MaACL
007 t|
008 050923s1945 ag ||||1| spa d
100 1 _aMartínez Rubio, Eduardo.
_978380
245 1 0 _aApiterapia y reumatismo
_b: pasado, presente y porvenir del veneno de abeja en la medicina /
_cpor Eduardo Martínez Rubio.
260 _aBuenos Aires :
_bVázquez,
_c1945.
300 _a1 lám. ret. aut., XII, 15-306 p., 6 h., lám. 1-16 ;
_c23 cm.
852 _aES-MaACL
_jE-1998
_bR.22811
999 _c100217
_d100217